000 00340nam a22001337a 4500
008 250311b |||||||| |||| 00| 0 eng d
020 _a0750647329
050 _aHD 61
_b.H87
100 _aHussain Amanat
245 _aManaging Operational Risk in Financial Markets
260 _bButterworth Heinemann
_c2000
300 _a271p.
942 _cBK
999 _c2237
_d2237